000 01873cam a22003857a 4500
003 CHAP
005 20220329133319.0
008 971013s1991 r 00010 d
010 _a4758
011 _a5730
035 _a4945
040 _cCHAP
082 _a312.0972
_bM49c 1990 Ags.
110 _aInstituto Nacional de Estadística, Geografía e Informática. México
_959304
245 0 _aCenso general de población y vivienda (11o.) 1990: Aguascalientes : resultados definitivos
260 _aAguascalientes, Ags. :
_bEl Instituto,
_c1991
300 _av.
500 _aLa biblioteca tiene : v.1 Resultados definitivos.-- v.2 Integración territorial.-- v.3 Datos por AGEB urbana.-- v.4 Datos por AGEB (10 mmapas).-- v.5 Perfil sociodemográfico. -- v.6 Síntesis de resultados
590 _aBATCH-UPD
_b10
_c20130110
_lUCH01
_h2122
590 _aBATCH-UPD
_b10
_c20130410
_lUCH01
_h1432
590 _aBATCH-UPD
_b10
_c20130914
_lUCH01
_h1822
590 _aCONVERSION
_b10
_c20130109
_lUCH01
_h1304
650 1 4 _aMéxico
_xCensos (1990)
_976661
650 1 4 _aPoblación
_xEstadísticas
_zAguascalientes.
_989370
650 1 4 _aVivienda
_xAguascalientes.
_9120117
901 _aBK
942 _cLIBRO
949 _a312.0972 M49c 1990 Ags.
_bBC
_cINEGI
_d-75414
_eINEGI
_fv.4 mapas
_h84642
_i4945
_si
949 _a312.0972 M49c 1990 Ags.
_bBC
_cINEGI
_d33724000466702
_eINEGI
_fv.5
_h84775
_i4945
_si
949 _a312.0972 M49c 1990 Ags.
_bBC
_cINEGI
_d33724000466710
_eINEGI
_fv.1
_gI. c/e
_h79397
_i4945
_si
949 _a312.0972 M49c 1990 Ags.
_bBC
_cINEGI
_d33724000467635
_eINEGI
_fv.2
_h81411
_i4945
_si
949 _a312.0972 M49c 1990 Ags.
_bBC
_cINEGI
_d33724000467643
_eINEGI
_fv.3
_h84641
_i4945
_si
949 _a312.0972 M49c 1990 Ags.
_bBC
_cINEGI
_d33724000486189
_eINEGI
_fv.2 c.2
_h81412
_i4945
_si
949 _a312.0972 M49c 1990 Ags.
_bBC
_cINEGI
_d33724000505020
_eINEGI
_fv.6
_h88859
_i4945
_si
999 _c4758
_d4758